Integrated pollution control (Record no. 74352)
[ view plain ]
| 000 -LEADER | |
|---|---|
| fixed length control field | 01256cab a2200205 4500 |
| 001 - CONTROL NUMBER | |
| control field | ABS67619 |
| 008 - FIXED-LENGTH DATA ELEMENTS--GENERAL INFORMATION | |
| fixed length control field | 040402n2004 000 0 eng u |
| 035 ## - SYSTEM CONTROL NUMBER | |
| System control number | (Sirsi) u125730 |
| 245 ## - TITLE STATEMENT | |
| Title | Integrated pollution control |
| 260 ## - PUBLICATION, DISTRIBUTION, ETC. | |
| Date of publication, distribution, etc. | 2004 |
| 490 ## - SERIES STATEMENT | |
| Series statement | ENDS Report |
| Volume/sequential designation | (349) February 2004, 20-25(6) |
| 520 ## - SUMMARY, ETC. | |
| Summary, etc. | Two articles on integrated pollution control. The first, "Europe's new pollution inventory - a benchmark for industry performance",highlights the European Pollutant Emission Register which provides data on pollution from more than 9 000 of Europe's major industrial facilities and the environmental performance of businesses in member states. Argues that the register could become an important tool for benchmarking corporate performance. The second article, "Life at the sharp end: chemical firms grapple with IPPC", shows how three organic chemicals companies and their environmental managers are dealing with preparing for the Integrated Pollution Prevention and Control (IPPC) regime. |
| 590 ## - LOCAL NOTE (RLIN) | |
| Local note | ABS |
| 650 ## - SUBJECT ADDED ENTRY--TOPICAL TERM | |
| Topical term or geographic name entry element | INTEGRATED POLLUTION CONTROL |
| 650 ## - SUBJECT ADDED ENTRY--TOPICAL TERM | |
| Topical term or geographic name entry element | BENCHMARKING |
| 650 ## - SUBJECT ADDED ENTRY--TOPICAL TERM | |
| Topical term or geographic name entry element | ENVIRONMENTAL MANAGERS |
| 650 ## - SUBJECT ADDED ENTRY--TOPICAL TERM | |
| Topical term or geographic name entry element | CORPORATE PERFORMANCE |
| 690 ## - LOCAL SUBJECT ADDED ENTRY--TOPICAL TERM (OCLC, RLIN) | |
| Topical term or geographic name as entry element | ENVIRONMENTAL AND LAND CONSULTANCY-ENVIRONMENTAL MANAGEMENT |
| 942 ## - ADDED ENTRY ELEMENTS (KOHA) | |
| Suppress in OPAC | 0 |
| Withdrawn status | Lost status | Source of classification or shelving scheme | Damaged status | Not for loan | Home library | Current library | Shelving location | Date acquired | Total Checkouts | Full call number | Barcode | Date last seen | Copy number | Price effective from | Koha item type |
|---|---|---|---|---|---|---|---|---|---|---|---|---|---|---|---|
| Dewey Decimal Classification | London | London | Journal article | 02/04/2004 | ABS67619 | 125730-1001 | 06/08/2019 | 1 | 06/08/2019 | Journal article |